[Event "Challenge"]
[Site "http://www.queenalice.com/game.php?id=1445343"]
[Date "2016.10.12"]
[Round "-"]
[White "ORNELAS"]
[Black "kowal76"]
[Result "0-1"]
[WhiteElo "1619"]
[BlackElo "1631"]

1. b3 e5 2. Bb2 d6 3. e4 d5 4. Qh5 Nc6 5. Nc3 g6 6. Qf3 Nd4 7. Qd3 dxe4 8. Nxe4
f5 9. Bxd4 fxe4 10. Qxe4 Qxd4 11. Qxd4 exd4 12. Ne2 c5 13. g3 h5 14. Bg2 Nf6 15.
O-O Bh6 16. d3 O-O 17. c3 Bf5 18. Rad1 Rae8 19. Rfe1 dxc3 20. Nxc3 Rxe1+ 21.
Rxe1 Bd2 22. Bd5+ Nxd5 23. Re5 Nxc3 24. Rxc5 Bxd3 25. a4 Ne2+ 26. Kg2 Be4+ 27.
Kf1 Be3 28. Rc4 Bd3 29. Rc7 Nxg3+ 30. Kg2 Rxf2+ 31. Kxg3 Bf4+ 32. Kxf2 Bxc7 33.
Ke3 Bf5 34. h4 Bg3 35. b4 Bxh4 36. Kf4 Be1 37. b5 h4 38. Kf3 h3 39. Ke2 Bh4 40.
Kf1 Be4 41. Kg1 Bg3 42. a5 h2+ 43. Kf1 h1=Q+ 44. Ke2 Qe1# 0-1

[Event "Challenge"]
[Site "http://www.queenalice.com/game.php?id=1446435"]
[Date "2016.10.19"]
[Round "-"]
[White "Greeley"]
[Black "kowal76"]
[Result "1-0"]
[WhiteElo "2016"]
[BlackElo "1645"]

1. e4 e5 2. Nc3 Nf6 3. Bc4 Bb4 4. d3 Bc5 5. Nf3 O-O 6. Bg5 Bxf2+ 7. Kxf2 Ng4+ 8.
Ke2 Nf6 9. Nd5 d6 10. Qe1 h6 11. Bh4 g5 12. Nxg5 Nxd5 13. Bxd5 hxg5 14. Qg3 c6
15. Bxg5 Qe8 16. Bf6+ 1-0

[Event "I match - 3/35"]
[Site "http://www.queenalice.com/game.php?id=1446442"]
[Date "2016.10.19"]
[Round "-"]
[White "zubarev"]
[Black "kowal76"]
[Result "1-0"]
[WhiteElo "1901"]
[BlackElo "1636"]

1. a3 e5 2. e4 d6 3. Bc4 Nf6 4. Nc3 Be7 5. d3 O-O 6. Nf3 c6 7. Bg5 Qb6 8. Rb1
Ng4 9. O-O Bxg5 10. Nxg5 Be6 11. Bxe6 fxe6 12. Qxg4 Rf6 13. Nxe6 g6 14. Ng5 h5
15. Qc8+ Rf8 16. Qe6+ Kg7 17. Qxd6 Nd7 18. Ne6+ Kh6 19. Qxd7 Rg8 20. Qe7 g5 21.
Qf6+ Rg6 22. Qxe5 Re8 23. h4 Rexe6 24. Qh8# 1-0

[Event "Jornada aos pantanos americanos"]
[Site "http://www.queenalice.com/game.php?id=1446923"]
[Date "2016.10.22"]
[Round "-"]
[White "zubarev"]
[Black "kowal76"]
[Result "1-0"]
[WhiteElo "1870"]
[BlackElo "1660"]

1. d4 d5 2. Nc3 e6 3. Nf3 Nf6 4. e3 Bb4 5. Bd2 Bxc3 6. Bxc3 O-O 7. Ne5 Ne4 8.
Bd3 Nxc3 9. bxc3 c5 10. O-O f6 11. Nf3 c4 12. Be2 b5 13. Ne1 Qa5 14. Qd2 Nc6 15.
f4 Ne7 16. Nf3 Ng6 17. Rfb1 Ba6 18. Rb4 Rac8 19. a3 Qd8 20. a4 Qa5 21. Qc1 bxa4
22. Raxa4 Qd8 23. Rxa6 e5 24. Rxa7 e4 25. Rbb7 Ne7 26. Rxe7 1-0

[Event "SUPERMAN vs. Tommy Garrison"]
[Site "http://www.queenalice.com/game.php?id=1446924"]
[Date "2016.10.22"]
[Round "-"]
[White "kowal76"]
[Black "zubarev"]
[Result "0-1"]
[WhiteElo "1652"]
[BlackElo "1873"]

1. e4 e5 2. Nf3 Nc6 3. Bb5 d6 4. O-O Bd7 5. c3 Nf6 6. d4 exd4 7. cxd4 Be7 8. Qa4
O-O 9. e5 Nd5 10. Bc4 Nb6 11. Qb3 Na5 12. Qc2 Naxc4 13. Qe4 Qc8 14. exd6 Bxd6
15. Ng5 f5 16. Qh4 h6 17. Nf3 Kh7 18. Nc3 Qd8 19. Ng5+ Kg8 20. d5 Be7 21. b3 Ne5
22. f4 Nd3 23. Rf3 Nxc1 24. Rxc1 hxg5 25. Qg3 g4 26. Rd3 Bh4 27. Qe3 Re8 28. Qc5
Qe7 29. Qxc7 Qe1+ 30. Rxe1 Rxe1# 0-1

[Event "Jogue Guacamelee "]
[Site "http://www.queenalice.com/game.php?id=1446957"]
[Date "2016.10.23"]
[Round "-"]
[White "kowal76"]
[Black "zubarev"]
[Result "0-1"]
[WhiteElo "1643"]
[BlackElo "1837"]

1. Nf3 Nf6 2. e3 d5 3. Ne5 e6 4. d4 Bd6 5. Bd3 Nbd7 6. O-O Bxe5 7. dxe5 Nxe5 8.
e4 dxe4 9. Be2 O-O 10. Bd2 Bd7 11. Bc3 Ng6 12. Bxf6 Qxf6 13. Qxd7 Qxb2 14. Nd2
Qxc2 15. Bc4 Rad8 16. Rac1 Qxd2 17. Qxc7 Qd7 18. Qa5 a6 19. Qe1 Qd4 20. h3 Rc8
21. Bb3 Rxc1 22. Qxc1 Ne5 23. Rd1 Nd3 24. Qc7 Qxf2+ 25. Kh2 Nf4 26. Qc2 Qxc2 27.
Bxc2 f5 28. Bb3 Re8 29. g3 Nd3 30. Rf1 Kf7 31. Rxf5+ Kg6 32. g4 exf5 33. Ba4 f4
34. Bxe8+ Kf6 35. Bc6 e3 36. Bf3 Ke5 37. Kg1 b5 38. Kf1 Kd4 39. Bb7 Kc3 40. Bxa6
b4 41. h4 f3 42. Bb7 e2+ 43. Kg1 f2+ 44. Kg2 e1=Q 0-1

[Event "Challenge"]
[Site "http://www.queenalice.com/game.php?id=1448573"]
[Date "2016.11.7"]
[Round "-"]
[White "kowal76"]
[Black "Numimbala"]
[Result "1-0"]
[WhiteElo "1619"]
[BlackElo "1485"]

1. e4 a5 2. d4 d6 3. d5 e6 4. Bc4 Bd7 5. Nf3 e5 6. O-O Bg4 7. Bb5+ c6 8. dxc6
bxc6 9. Ba4 Qf6 10. Bg5 Qg6 11. Nc3 Bxf3 12. Qxf3 Qxg5 13. Nd5 Ra7 14. Qe3 Qxe3
15. Nxe3 d5 16. exd5 Ra6 17. Rae1 g6 18. Nc4 Kd8 19. Rxe5 Nd7 20. dxc6 Nxe5 21.
Nxe5 Ra7 22. Bb3 Ke8 23. Re1 Re7 24. f4 Rc7 25. g4 Bc5+ 26. Kg2 Kf8 27. Nd7+ Kg7
28. Nxc5 Ne7 29. Ba4 Nxc6 30. Nd3 Nd4 31. c3 Ne6 32. f5 Ng5 33. h4 Rd8 34. Bb5
Rb7 35. a4 h5 36. hxg5 h4 37. f6+ Kf8 38. Kh3 Rxd3+ 39. Bxd3 Rxb2 40. Kxh4 Rb3
41. Rc1 Ra3 42. Bb5 Ra2 43. Kg3 Rd2 44. c4 Re2 45. c5 Rd2 46. c6 Rd8 47. c7 1-0

[Event "Challenge"]
[Site "http://www.queenalice.com/game.php?id=1448574"]
[Date "2016.11.7"]
[Round "-"]
[White "kowal76"]
[Black "Numimbala"]
[Result "1-0"]
[WhiteElo "1623"]
[BlackElo "1535"]

1. d4 d6 2. e4 d5 3. e5 h5 4. Nf3 f6 5. Nh4 Be6 6. Ng6 Rh7 7. Bd3 f5 8. O-O Nc6
9. c3 Kf7 10. Nh4 Nb8 11. Qf3 Nh6 12. Bxf5 Nxf5 13. Nxf5 Ke8 14. Qd3 Bxf5 15.
Qxf5 Rh8 16. e6 Qd6 17. Bf4 Qc6 18. Nd2 Qb5 19. Bxc7 1-0

[Event "Challenge"]
[Site "http://www.queenalice.com/game.php?id=1449219"]
[Date "2016.11.10"]
[Round "-"]
[White "zubarev"]
[Black "kowal76"]
[Result "1-0"]
[WhiteElo "1880"]
[BlackElo "1629"]

1. g3 e5 2. Bg2 Bc5 3. Nc3 Qf6 4. Ne4 Qb6 5. Nxc5 Qxc5 6. e4 Nf6 7. d3 O-O 8.
Nf3 Ng4 9. O-O d6 10. h3 Nf6 11. Be3 Qb5 12. Rb1 Be6 13. c4 Bxc4 14. dxc4 Qxc4
15. Rc1 Qxa2 16. Rxc7 Qxb2 17. Qb1 Qxb1 18. Rxb1 Nc6 19. Rbxb7 Rac8 20. Rxc8
Rxc8 21. Ng5 Rb8 22. Rxb8+ Nxb8 23. Bxa7 Nbd7 24. Nf3 Nxe4 25. Nxe5 Nxe5 26.
Bxe4 f5 27. Bxf5 Nf3+ 28. Kg2 Ne5 29. Bb8 Nf7 30. Be6 h5 31. Bxd6 h4 32. gxh4 g6
33. Kg3 Kg7 34. Bxf7 Kxf7 35. Kg4 Ke6 36. Kg5 Kxd6 37. Kxg6 Ke5 38. h5 Kf4 39.
h6 Kf3 40. h7 Kxf2 41. h8=Q Kg3 42. h4 1-0

[Event "Challenge"]
[Site "http://www.queenalice.com/game.php?id=1449220"]
[Date "2016.11.10"]
[Round "-"]
[White "kowal76"]
[Black "zubarev"]
[Result "0-1"]
[WhiteElo "1635"]
[BlackElo "1888"]

1. e4 e5 2. Nf3 Nc6 3. Bb5 d6 4. O-O Bd7 5. c3 Nf6 6. Qe2 Be7 7. Ng5 O-O 8. d4
Ne8 9. Qh5 Nf6 10. Qh4 h6 11. Nh3 Nh7 12. Qh5 exd4 13. Bd3 dxc3 14. Nxc3 Ne5 15.
Bc2 Bg4 16. Qxe5 dxe5 17. Rd1 Bxd1 18. Bxd1 Bb4 19. Nd5 c6 20. Ne3 f5 21. Bb3+
Kh8 22. Nxf5 Rf7 23. f4 Rd7 24. Be3 Bd2 25. Rd1 Bxe3+ 26. Nxe3 Rxd1+ 27. Bxd1
Qd2 28. Nf5 Qe1# 0-1

[Event "Challenge"]
[Site "http://www.queenalice.com/game.php?id=1452271"]
[Date "2016.11.27"]
[Round "-"]
[White "zubarev"]
[Black "kowal76"]
[Result "1-0"]
[WhiteElo "1845"]
[BlackElo "1635"]

1. e4 e5 2. f4 exf4 3. Nf3 Nf6 4. Nc3 d5 5. e5 Qe7 6. Be2 Ng4 7. O-O Nxe5 8. d4
Nc4 9. Bxc4 dxc4 10. Re1 Be6 11. Bxf4 Qb4 12. Rb1 Qb6 13. Kh1 c6 14. d5 c5 15.
dxe6 fxe6 16. Nd5 Qd8 17. Nc7+ Ke7 18. Rxe6+ Kf7 19. Qxd8 1-0

[Event "Challenge"]
[Site "http://www.queenalice.com/game.php?id=1452527"]
[Date "2016.11.29"]
[Round "-"]
[White "kowal76"]
[Black "zubarev"]
[Result "0-1"]
[WhiteElo "1627"]
[BlackElo "1769"]

1. e4 e5 2. Nf3 Nc6 3. Bb5 d6 4. Bc4 Be7 5. O-O Nf6 6. d4 Nxe4 7. Qd3 Bf5 8. g4
Bg6 9. Bd5 Nf6 10. Qb5 Nxd5 11. Qxd5 Nb4 12. Qb3 Nxc2 13. dxe5 Nxa1 14. Qxb7
Bxb1 15. Be3 Bg6 16. Rxa1 O-O 17. Rd1 Qb8 18. Qd5 Qxb2 19. Qc4 Qc2 20. Qd5 Be4
21. Nd4 Qxd1# 0-1

[Event "Challenge"]
[Site "http://www.queenalice.com/game.php?id=1453927"]
[Date "2016.12.8"]
[Round "-"]
[White "kowal76"]
[Black "Daniel1962"]
[Result "0-1"]
[WhiteElo "1617"]
[BlackElo "1617"]

1. e4 e5 2. Nf3 d6 3. d4 exd4 4. Nxd4 Nf6 5. Bg5 Be7 6. Nc3 Bd7 7. Bd3 c5 8. Nf5
Bxf5 9. exf5 Nc6 10. O-O Ne5 11. f4 Nxd3 12. Qxd3 O-O 13. h3 Qb6 14. Qe2 c4+ 15.
Kh2 Qc7 16. h4 Rfe8 17. Nb5 Qb6 18. Qxc4 Rec8 19. Qe2 Re8 20. h5 h6 21. Bxf6
Bxf6 22. Qc4 Rac8 23. Qd3 Re3 24. Qxd6 Qxb5 25. Rfe1 Rxe1 26. Rxe1 Qxf5 27. g3
Qxh5+ 28. Kg1 Rxc2 29. Qb8+ Kh7 30. Qxb7 Qh2+ 31. Kf1 Rf2# 0-1

[Event "Challenge"]
[Site "http://www.queenalice.com/game.php?id=1453928"]
[Date "2016.12.8"]
[Round "-"]
[White "Daniel1962"]
[Black "kowal76"]
[Result "0-1"]
[WhiteElo "1643"]
[BlackElo "1601"]

1. c4 e5 2. Nc3 Nc6 3. Nd5 d6 4. e4 Nf6 5. f4 exf4 6. Nxf4 Nxe4 7. Qe2 Bf5 8. d3
Nd4 9. Qd1 Qh4+ 10. g3 Nxg3 11. Qa4+ c6 12. Ng2 Qe7+ 13. Be3 Nxh1 14. O-O-O Qe5
15. Bxd4 Qxd4 16. Nf3 Qg4 17. Re1+ Be7 18. Re3 b5 19. Qc2 bxc4 20. Qc3 O-O 21.
dxc4 Bg5 22. Nxg5 Qxg5 23. Qd2 Be6 24. Kb1 d5 25. c5 d4 26. Rd3 Qd5 27. Rxd4
Qxa2+ 28. Kc1 Qa1+ 29. Kc2 Qxf1 30. Ne3 Qb5 31. Qc3 Rab8 32. b4 Qa4+ 33. Kd2 a5
34. bxa5 Qa2+ 35. Nc2 Rb2 36. Rd6 Bb3 37. Rxc6 Rxc2+ 0-1

[Event "Challenge"]
[Site "http://www.queenalice.com/game.php?id=1455417"]
[Date "2016.12.18"]
[Round "-"]
[White "ORNELAS"]
[Black "kowal76"]
[Result "0-1"]
[WhiteElo "1614"]
[BlackElo "1630"]

1. g3 e5 2. Bg2 d5 3. c3 Nf6 4. d3 Be7 5. Bg5 Ng4 6. Bxe7 Qxe7 7. Nf3 Qc5 8. e3
O-O 9. O-O Qd6 10. Nbd2 Bf5 11. Nh4 Qe6 12. e4 dxe4 13. dxe4 Bg6 14. h3 Nf6 15.
Nxg6 fxg6 16. Qa4 h5 17. Qb5 Nbd7 18. Qxb7 Qd6 19. Qb3+ Kh8 20. Rad1 Nc5 21. Qc2
g5 22. Nc4 Qe6 23. Ne3 Qxa2 24. Nf5 g4 25. h4 Rab8 26. Ra1 Qc4 27. Rxa7 Ncxe4
28. Bxe4 Nxe4 29. Ne3 Qc5 30. Qa4 Nxg3 31. Re1 Rxb2 32. Ra5 Qxc3 33. Ra8 Qxe1+
34. Kh2 Qxf2+ 35. Ng2 Qxg2# 0-1

[Event "Challenge"]
[Site "http://www.queenalice.com/game.php?id=1455733"]
[Date "2016.12.20"]
[Round "-"]
[White "zubarev"]
[Black "kowal76"]
[Result "0-1"]
[WhiteElo "1790"]
[BlackElo "1645"]

1. a3 e5 2. e4 Nf6 3. Nc3 Be7 4. d3 d6 5. Nf3 O-O 6. Be2 Nc6 7. O-O Nd4 8. Bg5
c5 9. Nd5 Ne6 10. Nxe7+ Qxe7 11. Rc1 Nxg5 12. Nxg5 h6 13. Nf3 d5 14. exd5 Nxd5
15. c4 Nf4 16. Re1 e4 17. Qd2 exf3 18. Bxf3 Qg5 19. Qe3 Bh3 20. g3 Ne6 21. Qe2
Nd4 22. Qe4 Qf5 23. Qxf5 Bxf5 24. Bg2 Bxd3 25. Rcd1 Bxc4 26. Bxb7 Rab8 27. Be4
Rxb2 28. Rc1 Ne2+ 29. Rxe2 Bxe2 30. Rxc5 Re8 31. Bc6 Rc8 0-1

[Event "Challenge"]
[Site "http://www.queenalice.com/game.php?id=1457473"]
[Date "2017.1.1"]
[Round "-"]
[White "Vin100"]
[Black "kowal76"]
[Result "0-1"]
[WhiteElo "1574"]
[BlackElo "1643"]

1. e4 e5 2. Nf3 d6 3. b4 Nf6 4. d3 Be7 5. c4 O-O 6. h3 Nc6 7. a3 Nd4 8. Nc3 c5
9. Nd5 Nxd5 10. cxd5 a5 11. b5 Nxb5 12. Bb2 Qb6 13. Be2 Nc7 14. Bc3 Bd7 15. O-O
Nb5 16. Bb2 f5 17. a4 Nd4 18. Nxd4 cxd4 19. g4 Qxb2 20. gxf5 Rac8 21. Bg4 Rf6
22. Rb1 Qa3 23. Ra1 Qb4 24. f3 b6 25. Rf2 Be8 26. Rfa2 h5 27. Rb1 Qc5 28. Rab2
hxg4 29. fxg4 Rh6 30. Kg2 Qa3 31. Rxb6 Bxa4 32. Qe1 Qxd3 33. Qxa5 Qxh3+ 34. Kf2
Rc2+ 35. Qd2 Rxd2+ 36. Ke1 Qe3+ 37. Kf1 Rh1# 0-1

[Event "Challenge"]
[Site "http://www.queenalice.com/game.php?id=1457474"]
[Date "2017.1.1"]
[Round "-"]
[White "kowal76"]
[Black "Vin100"]
[Result "0-1"]
[WhiteElo "1673"]
[BlackElo "1544"]

1. e4 e5 2. Nf3 d6 3. d4 f6 4. Bc4 Bg4 5. c3 Ne7 6. O-O d5 7. h3 Bxf3 8. Be2
Bxe2 9. Qxe2 Qd6 10. Qb5+ Qc6 11. Qb3 Nd7 12. Nd2 dxe4 13. Re1 f5 14. g4 g6 15.
g5 O-O-O 16. f3 exd4 17. cxd4 Bg7 18. fxe4 Bxd4+ 19. Kf1 Ne5 20. Nc4 Qxc4+ 21.
Qxc4 Nxc4 22. exf5 Nxf5 23. b3 Nce3+ 24. Bxe3 Nxe3+ 25. Ke2 Nc2 0-1

[Event "Challenge"]
[Site "http://www.queenalice.com/game.php?id=1459165"]
[Date "2017.1.12"]
[Round "-"]
[White "kowal76"]
[Black "zubarev"]
[Result "0-1"]
[WhiteElo "1655"]
[BlackElo "1754"]

1. e4 e5 2. Nf3 Nc6 3. Bb5 d6 4. O-O Bd7 5. c4 Nf6 6. d3 Be7 7. Nc3 O-O 8. Nd5
Nd4 9. Nxd4 Nxd5 10. exd5 exd4 11. Qa4 Bxb5 12. Qxb5 Rb8 13. Qa4 a6 14. Qd1 c6
15. Qf3 c5 16. Qg4 f5 17. Qg3 b5 18. Bh6 Bf6 19. Bf4 Be7 20. Rae1 bxc4 21. dxc4
Rf7 22. Re6 Rb6 23. Rfe1 Rxb2 24. Bxd6 Rb7 25. Bxc5 Kf8 26. Bxd4 Qb8 27. Qxb8+
Rxb8 28. Rxa6 Rc8 29. d6 Bf6 30. Bxf6 Rxf6 31. d7 Rd8 32. Ra7 Rd6 33. c5 R6xd7
34. Rxd7 Rxd7 35. f4 Rc7 36. Rc1 Ke7 37. a4 Kd7 38. a5 Kc6 39. a6 Ra7 40. Ra1
Kxc5 41. Ra5+ Kb6 42. Rxf5 Kxa6 43. Rh5 g6 44. Rh6 Kb5 45. h4 Kc4 46. h5 Kd3 47.
hxg6 hxg6 48. Rxg6 Ke3 49. f5 Kf4 50. g4 Kg3 51. f6 Ra1# 0-1

[Event "Ronildo Brito"]
[Site "http://www.queenalice.com/game.php?id=1461366"]
[Date "2017.1.27"]
[Round "-"]
[White "kowal76"]
[Black "zubarev"]
[Result "0-1"]
[WhiteElo "1656"]
[BlackElo "1941"]

1. e4 e5 2. Nf3 Nc6 3. Bb5 d6 4. O-O Bd7 5. c4 Nf6 6. d3 Be7 7. Nc3 O-O 8. Qa4
a6 9. Bxc6 Bxc6 10. Qb3 Kh8 11. Ng5 h6 12. Nf3 Nd7 13. Nd5 Nc5 14. Qd1 Bxd5 15.
exd5 f5 16. d4 Ne4 17. dxe5 dxe5 18. Nxe5 Kh7 19. f3 Nc5 20. b4 Nd7 21. Nxd7
Qxd7 22. a3 b6 23. g4 fxg4 24. fxg4 Rxf1+ 25. Kxf1 Bh4 26. Qd3+ Kh8 27. h3 Qf7+
28. Kg2 Qf2+ 29. Kh1 Bg3 30. Qxg3 Qxg3 31. Bb2 Rf8 32. Re1 Qxe1+ 0-1

[Event "Challenge"]
[Site "http://www.queenalice.com/game.php?id=1463282"]
[Date "2017.2.7"]
[Round "-"]
[White "zubarev"]
[Black "kowal76"]
[Result "0-1"]
[WhiteElo "1894"]
[BlackElo "1651"]

1. f4 e6 2. Nf3 d5 3. e3 Nf6 4. Be2 Nc6 5. O-O Bd6 6. d4 O-O 7. Ne5 Ne4 8. Nc3
Nxc3 9. Nxc6 Nxd1 10. Nxd8 Rxd8 11. Rxd1 f5 12. c3 a6 13. Bd2 Bd7 14. Be1 Be7
15. Rac1 b5 16. b3 c5 17. Bf2 cxd4 18. exd4 g5 19. Bg3 g4 20. c4 b4 21. cxd5
exd5 22. Rc7 Bd6 23. Rc2 a5 24. Rdc1 Re8 25. Kf2 Re4 26. h3 Rxd4 27. hxg4 Bxf4
28. Bxf4 Rxf4+ 29. Kg3 Re4 30. gxf5 Rf8 31. Bf3 Re5 32. Rc5 Rfxf5 33. Rxa5 Kg7
34. Rcc5 Be6 35. Bg4 Rg5 36. Kf4 Bxg4 37. Rc6 Ref5+ 38. Kg3 Bf3+ 39. Kf2 Rxg2+
40. Ke3 d4+ 41. Kd3 Rxa5 42. Kxd4 Bxc6 43. Kc4 Rg4+ 44. Kd3 Rxa2 45. Ke3 Bd5 46.
Kd3 Bxb3 47. Ke3 Ra3 48. Kf3 Bd1+ 49. Kf2 Rgg3 0-1

[Event "Challenge"]
[Site "http://www.queenalice.com/game.php?id=1467026"]
[Date "2017.3.1"]
[Round "-"]
[White "kowal76"]
[Black "zubarev"]
[Result "1-0"]
[WhiteElo "1677"]
[BlackElo "1789"]

1. e4 e5 2. Nf3 Nc6 3. d4 exd4 4. Nxd4 Nge7 5. Bd3 Nxd4 6. Bc4 Nec6 7. b3 Bc5 8.
Be3 Qf6 9. c3 Ne6 10. Bxc5 Nxc5 11. Qd5 Ne6 12. O-O O-O 13. f4 1-0